000 00566nam a2200181Ia 4500
008 100917s9999 xx 000 0 und d
082 _b52787
100 _aढसाळ नामदेव लक्ष्मण
245 _aहाडकी हाडवळा
260 _b्रअस्मिता प्रकाशन
_c1981
300 _a126
365 _b12
520 _aकादंबरी
630 _aहाडकी हाडवळा
650 _aकादंबरी
730 _aहाडकी हाडवळा
942 _cBOOK
999 _c658181
_d658178